000 00512nam a2200193Ia 4500
003 GCL
008 140319s9999 xx 000 0 ara d
040 _aGCL /
_cGCL
082 0 4 _a811.008
_bا ا
100 1 _aاميل ناصيف
245 1 0 _aاحلى الكلام /
_cاميل ناصيف
260 _a[S.N] :
_bجروس برس ،
_c1988
300 _a255 ص
490 _a
650 0 4 _aالشعر العربى
650 0 4 _aالادب العربى
650 0 4 _aالمجموعات
942 _2ddc
_cBK
999 _c55144
_d55144